| Tag |
First Indicator |
Second Indicator |
Subfields |
| LEADER |
00000cam a2200000 4500 |
| 001 |
in00002784867 |
| 005 |
20151202171854.0 |
| 008 |
700404s1963 dcua b 000 0 eng |
| 010 |
|
|
|a 79605553
|
| 035 |
|
|
|a (OCoLC)ocm00065803
|
| 035 |
|
|
|a (OCoLC)65803
|
| 040 |
|
|
|a DLC
|c DLC
|d IAS
|d UtOrBLW
|
| 049 |
|
|
|a TXAM
|
| 050 |
0 |
4 |
|a QE75
|b .P9 no. 386-C
|
| 082 |
0 |
4 |
|a 550/.8 s
|
| 086 |
0 |
|
|a I 19.16:386-C
|
| 100 |
1 |
|
|a Pommer, Alfred M.,
|d 1916-
|
| 245 |
1 |
0 |
|a Relation between dual acidity and structure of H-montmorillonite /
|c by Alfred M. Pommer.
|
| 264 |
|
1 |
|a Washington :
|b U.S. Govt. Print. Off,
|c 1963.
|
| 300 |
|
|
|a iii, 23 pages :
|b illustrations ;
|c 29 cm.
|
| 336 |
|
|
|a text
|b txt
|2 rdacontent
|
| 337 |
|
|
|a unmediated
|b n
|2 rdamedia
|
| 338 |
|
|
|a volume
|b nc
|2 rdacarrier
|
| 490 |
1 |
|
|a Contributions to problems of radioactive waste disposal
|
| 490 |
1 |
|
|a Geological Survey professional paper 386-C
|
| 500 |
|
|
|a "Prepared on behalf of the U.S. Atomic Energy Commission."
|
| 504 |
|
|
|a Bibliography: pages 22-23.
|
| 650 |
|
0 |
|a Montmorillonite.
|
| 650 |
|
0 |
|a Radioactive waste disposal.
|
| 710 |
2 |
|
|a U.S. Atomic Energy Commission.
|
| 830 |
|
0 |
|a Contributions to problems of radioactive waste disposal.
|
| 830 |
|
0 |
|a Geological Survey professional paper ;
|v 386-C.
|
| 948 |
|
|
|a cataloged
|b h
|c 2012/12/14
|d c
|e mvaldespin
|f 11:24:01 am
|
| 994 |
|
|
|a C0
|b TXA
|
| 999 |
|
|
|a MARS
|
| 999 |
f |
f |
|s ce64d6dd-a86b-34d7-bf34-7a4ff288643d
|i c96b1cb4-5dc2-33ed-8edc-1dc4c28f6f6c
|t 0
|
| 952 |
f |
f |
|p normal
|a Texas A&M University
|b College Station
|c Sterling C. Evans Library
|d Evans: US Documents (Annex 5th floor)
|t 0
|e I 19.16:386-A-389
|h Superintendent of Documents classification
|i unmediated -- volume
|m A14837789721
|
| 952 |
f |
f |
|a Texas A&M University
|b College Station
|c Sterling C. Evans Library
|d Evans: US Documents (Annex 5th floor)
|t 0
|e I 19.16:386-A-389
|h Superintendent of Documents classification
|
| 998 |
f |
f |
|a I 19.16:386-A-389
|t 0
|l Evans: US Documents (Annex 5th floor)
|